000 00312nam a2200121Ia 4500
008 190216s9999||||xx |||||||||||||| ||und||
100 _aStanley Kipping F&Amp; Barry Kipping F
245 0 _aOrganic Chemistry
260 _bEnglish Language Book Society
_c1961
300 _a942
650 _aChemistry
942 _cBK
999 _c2931
_d2931